World Capitals No Longer Quiz Stats

 Plays Quiz Updated Apr 18, 2019

Score 0/19 Timer 03:00
0 Plays Today
Country City % Correct
BrazilRio de Janeiro
80.1%
South VietnamSaigon
75.6%
NigeriaLagos
74.3%
West GermanyBonn
70.8%
Sri LankaColombo
64.1%
Myanmar (Burma)Yangon
58%
TanzaniaDar es Salaam
51.9%
BelizeBelize City
45.5%
KazakhstanAlmaty
43.8%
South YemenAden
35.1%
Country City % Correct
Cote d'IvoireAbidjan
34.1%
PhilippinesQuezon City
29.3%
PalauKoror
11.4%
PakistanRawalpindi
10.6%
ZanzibarStone Town
8.1%
BurundiBujumbura
6.4%
OmanSalalah
4.2%
MalawiZomba
3.2%
MicronesiaKolonia
2.9%

You're not logged in!

Compare scores with friends on all Sporcle quizzes.
OR
Log In

Sporcle TV

Today on Sporcle TV


Watch our educational content, quiz creation guides, and fun videos on Sporcle TV.

Show Comments

Extras

Top Quizzes Today


Score Distribution

Your Account Isn't Verified!

In order to create a playlist on Sporcle, you need to verify the email address you used during registration. Go to your Sporcle Settings to finish the process.

Report this User

Report this user for behavior that violates our Community Guidelines.

Details: